Hospodářská politika a její změny v 90. letech

Hospodárske politiky jednotlivých zemí sa medzi sebou líšia podľa toho, akú rolu hrá štát v ekonomike. Oslabovanie pozície štátu v ekonomike, posilňovanie pozície štátu v ekonomike - vplyv globalizácie, transformácie a integrácie. Pôvodný európsky model verzus nový európsky model welfare štátu. Inve...

Ausführliche Beschreibung

Gespeichert in:
Bibliographische Detailangaben
1. Verfasser: Kliková, Christiana
Format: Buchkapitel
Sprache:Tschechisch
Schlagworte:
Tags: Tag hinzufügen
Keine Tags, Fügen Sie das erste Tag hinzu!

MARC

LEADER 00000naa$a2200000$$$4500
001 0037130
005 20220927142354.6
041 0 |a cze 
044 |a SK 
245 1 0 |a Hospodářská politika a její změny v 90. letech  |c Christiana Kliková 
520 |a Hospodárske politiky jednotlivých zemí sa medzi sebou líšia podľa toho, akú rolu hrá štát v ekonomike. Oslabovanie pozície štátu v ekonomike, posilňovanie pozície štátu v ekonomike - vplyv globalizácie, transformácie a integrácie. Pôvodný európsky model verzus nový európsky model welfare štátu. Investície štátu bývalej európskej pätnástky a veľkých štátov EÚ do vedy, výskumu, ľudského kapitálu a špičkových technológií behom 90. rokov minulého storočia zaostávali za investíciami, ktoré do týchto oblastí smerovali v nových welfare štátoch. 
610 2 0 |a politika hospodárska 
610 2 0 |a štát 
610 2 0 |a investície 
610 2 0 |a veda 
610 2 0 |a výskum 
610 2 0 |a kapitál ľudský 
610 2 0 |a technológie informačné 
610 2 0 |a technológie komunikačné 
610 2 0 |a Švédsko 
610 2 0 |a Dánsko 
610 2 0 |a Fínsko 
610 2 0 |a Nemecko 
610 2 0 |a Francúzsko 
610 2 0 |a Taliansko 
610 2 0 |a 1989-1999 
100 1 |a Kliková, Christiana